000 00394nam a22001457a 4500
005 20200604102943.0
008 200604b xxu||||| |||| 00| 0 eng d
082 _a345.4
110 _aThe All India Reporter
_95776
245 _aThe All India Reporter1965 (V-52) ASSAM AND NAGALAND Section
260 _aBOMBAY
_bThe All India Reporter
300 _a640p.
650 _aLAW
_95701
942 _cJRL
999 _c6800
_d6798